00477nam a22001337a 4500082001600000100002200016245010200038260004400140300000700184650002900191942000900220952009700229999001700326 a291.211 LHO aLhouvum, Paothang aComparative Study on the Philosophy of Wahdat Al-Wujud and Wahdat Al-Shuhud in Relation to Tawhid aHyderabadbHenry Martyn Institutec2018 a90 aComparative religion-God cTHES 00104070aHMIbHMIcGENd2018-07-18l0o291.211 LHOp11-3682r2018-07-18w2018-07-18yTHES c21211d21211